| 000 | 00829cam a22002771 4500 | ||
|---|---|---|---|
| 001 | 15355 | ||
| 003 | BD-RjUL | ||
| 005 | 20211208235811.0 | ||
| 008 | 140209s1958 ilu 001 0 eng | ||
| 035 | _a(BD-RjUL)15409 | ||
| 035 | _a(OCoLC)174208 | ||
| 040 |
_aDLC _cODaWU _dBD-RjUL _beng |
||
| 041 | _aeng | ||
| 082 |
_a658.1 _bOWB 1958 |
||
| 100 | 1 |
_aOwens, Richard Norman _d1894- _947708 |
|
| 245 | 1 | 0 |
_aBusiness management and public policy / _cRichard Norman Owens |
| 260 |
_aHomewood ; Ill. : _bR.D. Irwin, _cc1958. |
||
| 300 |
_axiv, 402 p. ; _c24 cm. |
||
| 504 | _aInclude index. | ||
| 650 | 0 |
_aIndustries _zUnited States. _947709 |
|
| 650 | 0 |
_aIndustrial management _zUnited States. _947710 |
|
| 651 | 0 |
_aUnited States _xEconomic policy. _947711 |
|
| 942 |
_2ddc _cBK |
||
| 999 |
_c15355 _d15355 |
||